Barkow Leibinger : (Record no. 354127)

000 -LEADER
fixed length control field 01319cam a2200385 a 4500
001 - CONTROL NUMBER
control field 10482518
003 - CONTROL NUMBER IDENTIFIER
control field OSt
005 - DATE AND TIME OF LATEST TRANSACTION
control field 20180116192431.0
008 - FIXED-LENGTH DATA ELEMENTS--GENERAL INFORMATION
fixed length control field 130730s2013 enka 000 0 eng d
020 ## - INTERNATIONAL STANDARD BOOK NUMBER
International Standard Book Number 1907896295
020 ## - INTERNATIONAL STANDARD BOOK NUMBER
International Standard Book Number 9781907896293
024 ## - OTHER STANDARD IDENTIFIER
Standard number or code 60001820678
035 ## - SYSTEM CONTROL NUMBER
System control number (OCoLC)ocn855116935
035 ## - SYSTEM CONTROL NUMBER
System control number (OCoLC)855116935
035 ## - SYSTEM CONTROL NUMBER
System control number (NNC)10482518
040 ## - CATALOGING SOURCE
Original cataloging agency LND
Transcribing agency LND
Modifying agency OCLCO
-- NhCcYBP
-- NNC
050 #4 - LIBRARY OF CONGRESS CALL NUMBER
Classification number NA687
Item number .B37 2013
082 04 - DEWEY DECIMAL CLASSIFICATION NUMBER
Classification number 720.92
Edition number 23
100 1# - MAIN ENTRY--PERSONAL NAME
Personal name Barkow, Frank.
9 (RLIN) 8295
245 10 - TITLE STATEMENT
Title Barkow Leibinger :
Remainder of title bricoleur bricolage /
Statement of responsibility, etc. [Frank Barkow and Brett Steele ; editors Regine Leibinger and Nicole Nuñez].
260 ## - PUBLICATION, DISTRIBUTION, ETC.
Place of publication, distribution, etc. London :
Name of publisher, distributor, etc. Architectural Association Publications,
Date of publication, distribution, etc. c2013.
300 ## - PHYSICAL DESCRIPTION
Extent 219 p. :
Other physical details chiefly ill. (some col.) ;
Dimensions 30 cm.
500 ## - GENERAL NOTE
General note Cover title.
610 20 - SUBJECT ADDED ENTRY--CORPORATE NAME
Corporate name or jurisdiction name as entry element Barkow Leibinger Architekten.
9 (RLIN) 8291
650 #0 - SUBJECT ADDED ENTRY--TOPICAL TERM
Topical term or geographic name entry element Architecture, Modern
Chronological subdivision 21st century
Form subdivision Designs and plans.
9 (RLIN) 8296
650 #0 - SUBJECT ADDED ENTRY--TOPICAL TERM
Topical term or geographic name entry element Curtain walls
General subdivision Design and construction.
9 (RLIN) 8297
650 #0 - SUBJECT ADDED ENTRY--TOPICAL TERM
Topical term or geographic name entry element Smart materials in architecture.
9 (RLIN) 8298
650 #0 - SUBJECT ADDED ENTRY--TOPICAL TERM
Topical term or geographic name entry element Tall buildings
General subdivision Design and construction.
9 (RLIN) 8299
700 1# - ADDED ENTRY--PERSONAL NAME
Personal name Steele, Brett.
9 (RLIN) 8292
700 1# - ADDED ENTRY--PERSONAL NAME
Personal name Leibinger, Regine,
Dates associated with a name 1963-
9 (RLIN) 8293
700 1# - ADDED ENTRY--PERSONAL NAME
Personal name Nuñez, Nicole.
9 (RLIN) 8294
942 ## - ADDED ENTRY ELEMENTS (KOHA)
Source of classification or shelving scheme
Koha item type Book
948 1# - LOCAL PROCESSING INFORMATION (OCLC); SERIES PART DESIGNATOR (RLIN)
Series part designator, SPT (RLIN) 20131009
b (OCLC) c
c (OCLC) rhg9
d (OCLC) OSMC
Holdings
Withdrawn status Lost status Source of classification or shelving scheme Damaged status Not for loan Permanent Location Current Location Date acquired Total Checkouts Full call number Barcode Date last seen Cost, replacement price Price effective from Koha item type
          School of Art Design and Architecture (SADA) School of Art Design and Architecture (SADA) 04/04/2016   720.92 BAR 2013 SADA0002561 01/05/2017 2249.64 01/05/2017 Book
© 2023 Central Library, National University of Sciences and Technology. All Rights Reserved.